000 00547nam a2200193Ia 4500
005 20250508165315.0
008 008 250505s9999 xx 000 0 hin d
037 _aDissertations
040 _aFEDL
_beng
_cFEDL
041 _ahin
_2eng
084 _a370.19, SHO/DI
_qFEDL
100 _aShobha
245 0 _aShiksha mein rashtrawad aur nagrikta: Ek aalochnatmak samaj
260 _c2012
300 _a88p.
546 _aM. Phil Dissertation (Delhi University)
942 _cDIS
_h370.19, SHO/DI
999 _c1394337
_d1394337